Perbualan Bahasa Arab sehari-hari

Bibliographic Details
Format: Book
Published: Kuala Lumpur : Speedy Self Study System , 19--?
Subjects:

MARC

LEADER 00000cam a2200000 7i4500
001 0000005322
002 000005750
005 20010807.0
020 |a T000000469 
090 0 0 |a 492.7   |b PER 
245 0 0 |a Perbualan Bahasa Arab sehari-hari 
260 |a Kuala Lumpur :   |b Speedy Self Study System ,   |c 19--? 
300 |a 90p. ;   |c 22cm. 
650 0 0 |a Arabic language 
999 |a 033525   |b BUKU   |c PINJAMAN   |e PERPUSTAKAAN KOMUNITI PETALING JAYA